Men on the frontier : a brief history of the Federal Methodist Inland Mission /

Saved in:
Bibliographic Details
Main Author: Pederick, Alec W.
Format: Book
Language:English
Published: Melbourne : Methodist Publishing House (Aldersgate Press), [1970].
Subjects:
LEADER 00958nam a2200253 i 4500
001 c000242005
003 CARM
005 00000000000000.0
008 840307s1970 at ac 000 0 eng d
019 1 |a 622448  |z 23063801  |5 LACONCORD2021 
020 |a 0855710500 
035 |a (OCoLC)496012  |5 LACONCORD2021 
042 |a anuc 
043 |a u-at--- 
082 0 4 |a 266/.4/97 
100 1 |a Pederick, Alec W. 
245 1 0 |a Men on the frontier :  |b a brief history of the Federal Methodist Inland Mission /  |c by A. W. Pederick. 
260 |a Melbourne :  |b Methodist Publishing House (Aldersgate Press),  |c [1970]. 
300 |a 72 p :  |b ill. ;  |c 19 cm. 
610 2 0 |a Federal Methodist Inland Mission. 
650 0 |a Missions  |z Australia. 
852 8 |b CARM  |h A2:AP03A0  |i A04009  |p 0322469  |f BK 
999 f f |i 8ec4d719-517b-5c8c-be09-7bb4ef9a919c  |s ebf59102-620d-5b16-b418-5fb7fd8cfe49 
952 f f |p Can circulate  |a CAVAL  |b CAVAL  |c CAVAL  |d CARM 1 Store  |e A04009  |f A2:AP03A0  |h Other scheme  |i book  |m 0322469